Revisin̤ a la jurisprudencia constitucional en materia de salud estado de las cosas frente a la sentencia T-760 de 2008 /

Bibliographic Details
Main Author: Torres Villarreal, Mara̕ Luca̕
Format: eBook
Language:Spanish
Published: Bogot ̀: Editorial Universidad de Rosario (Colombia), 2009
Subjects:
Online Access:Acceso restringido

MARC

LEADER 00000nam a22000007a 4500
005 20120705163021.0
007 cr|||| ||||
008 120705s2009 co |||||s|||| 00||0 spa d
020 |a 978-958-738-051-4 
035 |a 6385 
040 |a vLex 
090 |c 3267  |d 3267 
100 1 |a  Torres Villarreal, Mara̕ Luca̕ 
245 1 0 |a Revisin̤ a la jurisprudencia constitucional en materia de salud  |h [Recurso electrn̤ico] :  |b estado de las cosas frente a la sentencia T-760 de 2008 /  |c Mara̕ Luca̕ Torres Villarreal  
256 |a Servicio en ln̕ea 
260 |a Bogot ̀:  |b Editorial Universidad de Rosario (Colombia),   |c 2009 
300 |a 1 recurso electrn̤ico 
506 1 |a Contenido solo disponible en los productos indicados  |d vLex Global   |d vLex Global (Academic Edition, excluding Law Schools)   |d vLex Global (U.S. Academic Edition, Law Schools)   |d vLex Global (U.S. Academic Edition, excluding Law Schools)   |d vLex Global (Academic Edition, Law Schools)  
650 0 4 |a Jurisprudencia  |z Colombia 
650 0 4 |a Equipamientos sanitarios  |z Colombia 
740 0 |a vLex Libros (Servicio en ln̕ea) 
856 4 0 |u http://vlex.com/source/revision-jurisprudencia-constitucional-materia-salud-6385  |z Acceso restringido 
942 |c BOOK 
999 0 |a Jurisprudence 
999 0 |a Health facilities